000
00303nam a22001337a 4500
008
171113b xxu||||| |||| 00| 0 eng d
020
_a
9780324581195
041
_a
eng
080
_a
331.101.262
100
_a
52
101
_a
BNJ
245
_a
ORGANIZATIONAL BEHAVIOR
_c
HELLRIEGEL,D
942
_2
udc
_c
BK
999
_c
38270
_d
38270